01283cam a2200301ui 45000010008000000030009000080050017000170080041000340400043000750820017001181000051001352450246001862500020004322640031004523000046004833360026005293370028005553380027005835000026006105000021006366500054006576500068007116550017007797000031007969420012008279990017008399520125008568387516EG-ScBUE20250723092829.0830203s1967 enka f 001 0 eng  aEG-ScBUEbengerdacEG-ScBUEdEG-ScBUE04222a541bFIN1 aFindlay, Alexander,d1874-1966,eauthor.9705210aPractical physical chemistry /cby Alexander Findlay, emeritus professor of chemistry, University of Aberdeen ; revised and edited by J. A. Kitchener, senior lecturer in physical chemistry, Imperial College of Science and Technology, London. aEighth edition. 1aLondon :bLongmans,c1967. axiii, 364 pages :billustrations ;c23 cm 2rdacontentatextbtxt aunmediated2rdamediabn avolumebnc2rdacarrier aIncludes Appendices.  aIncludes index.  7aChemistry, Physical and theoretical.970532BUEsh 7aChemistry, Physical and theoreticalxLaboratory manuals.2BUEsh vReading book1 aKitchener, J. A.,eeditor. 2ddccBB c12064d12064 00102ddc40708Alef-BaaaMAINbMAINc1STd2009-06-28ePurchaseg150.00l0o541 FINp000017179r2025-07-15 00:00:00yBB